000 00539nam a2200193Ia 4500
005 20240823025256.0
008 240823s9999||||xx |||||||||||||| ||und||
020 _a0-13-661000-5
041 _aENGLISH
082 _A005.1 N7
100 _a"McClure,Carma"
245 0 _aSoftware Reuse Techniques: Adding Reuse to the System Development Process
250 _a1 st
260 _c1997
_b"Prentice Hall of India,New Delhi"
500 _aTRANSFERED
650 _aSoftware Reuse
_bInformation Technology
942 _cBK
999 _c185932
_d185932